000 00304nam a22001217a 4500
041 _aENG
100 _akay .M
245 _aIrrigation Water Managemant Training Manual Small-Scale Pumped Irrigation ;Energy And Cost
260 _aRome
_bFAO
_c1992
300 _a80
650 _aFAO
856 _uFAO ( 01 )
999 _c2359
_d2359